书目信息 |
| 题名: |
野马
|
|
| 作者: | 弗朗西斯 著 | |
| 分册: | ||
| 出版信息: | 北京 群众出版社 2000.05 |
|
| 页数: | 412页 | |
| 开本: | 32开 | |
| 丛书名: | ||
| 单 册: | ||
| 中图分类: | I561.45 | |
| 科图分类: | ||
| 主题词: | 文学 | |
| 电子资源: | ||
| ISBN: | 7-5014-2186-2 | |
| 000 | 00522nam0 2200193 45 | |
| 001 | 0008161757 | |
| 005 | 20000816175109.9 | |
| 010 | @a7-5014-2186-2@d21.50元 | |
| 100 | @a20000816d2000 km y0chiy0120 ea | |
| 101 | 0 | @achi |
| 105 | @a z 000yy | |
| 200 | 1 | @a野马@AYe Ma@f(英)弗朗西斯 著@F(Ying)Fu Lang Xi Si Zhu |
| 210 | @a北京@c群众出版社@d2000.05 | |
| 215 | @a412页@d32开 | |
| 606 | 0 | @a文学 |
| 690 | @aI561.45@v3 | |
| 701 | 0 | @a弗朗西斯@4著 |
| 801 | @aCN@bPftUser@c20000816 | |
| 905 | @b109220-222@dI561.45@eF891/5@f3 | |
| 野马/(英)弗朗西斯 著.-北京:群众出版社,2000.05 |
| 412页;32开 |
| ISBN 7-5014-2186-2:21.50元 |
| ● |
| 相关链接 |
|
|
|
正题名:野马
索取号:I561.45/F891/5
 
预约/预借
| 序号 | 登录号 | 条形码 | 馆藏地/架位号 | 状态 | 备注 |
| 1 | 109220 | 201092209 | 社科二线400B/400B社科库 28排2列6层/ [索取号:I561.45/F891/5] | 在馆 | |
| 2 | 109221 | 201092218 | 社科二线400B/400B社科库 30排2列3层/ [索取号:I561.45/F891/5] | 在馆 | |
| 3 | 109222 | 201092227 | 社科二线400B/400B社科库 28排2列3层/ [索取号:I561.45/F891/5] | 在馆 |